| 000 | 00000nam##2200000za#4500 |
| 001 | 9.649054 |
| 003 | CaOODSP |
| 005 | 20200330093436 |
| 007 | ta |
| 008 | 150407|2003||||xxc||||| f|0| 0 eng|d |
| 040 | |aCaOODSP|beng |
| 043 | |an-cn--- |
| 086 | 1 |aRC31-18/2003E |
| 110 | 1 |aCanada.|bIndian Claims Commission. |
| 245 | 10|aCanupawakpa Dakota First Nation Inquiry, Turtle Mountain Surrender Claim / |cPanel: Commissioner Roger J. Augustine, Commissioner Daniel J. Bellegarde, Commissioner Sheila G. Purdy. |
| 246 | 3 |aCanupawkpa Dakota First Nation. Report on: Turtle Mountain Surrender Claim |
| 260 | |aOttawa - Ontario : |bIndian Claims Commission |c2003. |
| 300 | |a[2], 91, [2]p. : |bcoloured map, graphs, references ; |c28 cm. |
| 563 | |aSpiral binding |
| 590 | |a03-44|b2003-10-31 |
| 690 | 07|aIndigenous peoples|2gcpds |
| 690 | 07|aClaims|2gcpds |
| 776 | 0#|tCanupawakpa Dakota First Nation Inquiry, Turtle Mountain surrender claim / |w(CaOODSP)9.686742 |